000 00461nam a2200229Ia 4500
001 073353
003 YMCAF
005 20230512160835.0
008 100717s9999 ||||||||||||||||| ||und|d
020 _a-
024 _a73353
035 _a12816
040 _aYMCAF
_beng
_cIN-KoLT
041 _aeng
082 _a621.317
_bSUB
100 _aSUBRAMANYAM, V
245 0 _aPOWER ELCTRONICS
250 _a-
653 _a-
653 _a-
942 _2ddc
_cBK
999 _c6727
_d6727